Slovenské hovädzie z dovozu

Rodinné gazdovstvo Molnárovcov na Gemeri v obci Chanava. Tradičný chov hovädzieho dobytka. Potreba prispôsobiť sa trhu. Vývoz najmä do Poľska. Sloboda vykúpená drinou.

Gespeichert in:
Bibliographische Detailangaben
1. Verfasser: Lászlóová, Klaudia
Format: Buchkapitel
Sprache:Slowakisch
Schlagworte:
Tags: Tag hinzufügen
Keine Tags, Fügen Sie das erste Tag hinzu!

MARC

LEADER 00000naa a2200000 4500
001 0211985
005 20231113083855.5
041 0 |a slo 
044 |a SK 
245 1 0 |a Slovenské hovädzie z dovozu  |c Klaudia Lászlóová 
520 |a Rodinné gazdovstvo Molnárovcov na Gemeri v obci Chanava. Tradičný chov hovädzieho dobytka. Potreba prispôsobiť sa trhu. Vývoz najmä do Poľska. Sloboda vykúpená drinou. 
610 2 0 |a podnikanie rodinné 
610 2 0 |a podnikatelia 
610 2 0 |a poľnohospodárstvo 
610 2 0 |a chov zvierat 
100 1 |a Lászlóová, Klaudia